01115nam a2200253 a 4500001001000000005001700010008004100027041000800068044000800076050002100084100003200105245015100137260004400288300006400332440011400396500009300510500006900603500000800672504003400680650003800714650003300752650004000785710003600825BRCA_540820190320205050.0810917s1929----nyuace###c---#000-0#eng-# aeng anyu 4aND180b.T73 19291 aTrapier, Elizabeth du Gué10aCatalogue of paintingsb(16th, 17th, 18th centuries) in the collection of the Hispanic Society of Americaccompiled by Elizabeth du Gué Trapier. aNueva YorkbOrder of the Trusteesc1929 axxxvi, 280 p.bil., retratos, 63 láminas, 1 planoc19 cm. 0aHispanic notes & monographs: essays, studies, and brief biographies issued by the Hispanic Society of America aIncluye índice de pinturas por número, índice de láminas e índice alfabético aVer también M28 para siglo XIV y XV y M28A para Siglo XIX y XX aM24 aBibliografía: p. xxix-xxxvi14aPinturasvCatálogoszNueva York14aPinturasxHistoriazEspaña14aGalerías y museoszEstados Unidos2 aThe Hispanic Society of America